00433cam a22000977a 4500008004000000082001400040245006900054260003500123300000800158500016900166180718b1961 xxu||||| |||| 00| 0 eng d aD212 Un3n aProgress of the non-self governing territories under the charter aNew YorkbUnited Nationsc1961 a5v. aContents: v.1. General review. 78+p;v.2. Economic conditions. 228+p;v.3. Social conditions. 251+p;v.4. Educational conditions. 126+p;v.5. Territorial surveys. 476+p